| 000 | 00721cab a2200217 4500 | ||
|---|---|---|---|
| 001 | ABS55254 | ||
| 008 | 090401t1996 xxu||||| |||| 00| 0 eng d | ||
| 035 | _a(Sirsi) u15188 | ||
| 041 | _aeng | ||
| 245 | 4 | _aThe weights and measures aspects of the landfill tax | |
| 260 | _c1996 | ||
| 350 | _a0 | ||
| 490 |
_aWastes Management _vMay 1996, 53(1) |
||
| 520 | _aLooks at the effect of weights and measures legislation on landfill site operators who are accountable for tax under the new legislation. Covers also regulations and evidence of compliance. | ||
| 650 | _aLANDFILL TAX | ||
| 650 | _aTAX LIABILITY | ||
| 650 | _aWEIGHTS AND MEASURES LEGISLATION | ||
| 690 | _aTAXATION | ||
| 942 | _n0 | ||
| 948 | _c04/03/1997 | ||
| 999 |
_c9933 _d9933 |
||